Toutes les méthodes d'évolutions de Pokémon - Statistiques

Statistiques générales
  • Ce quiz a été pris 27 fois
  • Le résultat moyen est 87 sur 167
Statistiques - réponses
Catégorie d'évolution Méthode d'évolution Pokémon évoluant Pokémon évolué Quantité de Pokémon % Correct
Montée de niveau N.7 Chenipan | Aspicot | Chenipotte Chrysacier | Coconfort | Armulys | Blindalys 4
89%
Pierre Feu Goupix | Caninos | Caninos de Hisui | Évoli | Flamajou | Pimito Feunard | Arcanin | Arcanin de Hisui | Pyroli | Flamoutan | Scovilain 6
89%
Pierre Lune Nidorina | Nidorino | Mélofée | Rondoudou | Skitty | Munna Nidoqueen | Nidoking | Mélodelfe | Grodoudou | Delcatty | Mushana 6
89%
Pierre évolutive Pierre Foudre Pikachu | Magnéton | Évoli | Tarinor | Lampéroie | Chrysapile | Têtampoule Raichu | Magnézone | Voltali | Tarinorme | Ohmassacre | Lucanon | Ampibidou 7
89%
Échange contre un Pokémon particulier Échange contre Escargaume Carabing Lançargot 1
83%
Échange + Électriseur Élektek Élekable 1
83%
Échange contre Carabing Escargaume Limaspeed 1
83%
Échange + Magmariseur Magmar Maganon 1
83%
Pierre Plante Ortide | Boustiflor | Voltorbe de Hisui | Noeunoeuf | Évoli | Pifeuil | Feuillajou Rafflesia | Empiflor | Électrode de Hisui | Noadkoko | Phyllali | Tengalice | Feuiloutan 7
83%
Pierre Soleil Ortide | Tournegrin | Doudouvet | Chlorobule | Galvaran Joliflor | Héliatronc | Farfaduvet | Fragilady | Iguolta 5
83%
Pierre Glace Sabelette d'Alola | Goupix d'Alola | Évoli | Darumarond de Galar | Crabagarre | Piétacé Sablaireau d'Alola | Feunard d'Alola | Givrali | Darumacho de Galar | Crabominable | Balbalèze 6
83%
Pierre Eau Têtarte | Kokiyas | Stari | Évoli | Lombre | Flotajou Tartard | Crustabri | Staross | Aquali | Ludicolo | Flotoutan 6
83%
Pomme Acidulée Verpom Pomdrapi 1
83%
Pomme Sucrée Verpom Dratatin 1
83%
Pomme Nectar Verpom Pomdramour 1
83%
N.16 Bulbizarre | Salamèche | Carapuce | Nidoran♀ | Nidoran♂ | Abra | Germignon | Héricendre (LPA) | Arcko | Poussifeu | Gobou | Tiplouf | Ponchiot | Marisson | Feunnec | Grenousse | Ouistempo | Flambino | Larméléon | Poussacha | Chochodile | Coiffeton Herbizarre | Reptincel | Carabaffe | Nidorina | Nidorino | Kadabra | Macronium | Feurisson (LPA) | Massko | Galifeu | Flobio | Prinplouf | Ponchien | Boguérisse | Roussil | Croâporal | Badabouin | Lapyro | Arrozard | Matourgeon | Crocogril | Canarbello 22
78%
Échange + Dent Océan Coquiperl Serpang 1
78%
Échange + Écaille Océan Coquiperl Rosabyss 1
78%
Électriseur Élektek (LPA) Élekable (LPA) 1
78%
Proche de la Pierre Mousse Évoli (avant EB) Phyllali (avant EB) 1
78%
Proche de la Pierre Glacée Évoli (avant EB) Givrali (avant EB) 1
78%
Bonheur en fonction de la temporalité Bonheur + Jour Évoli (avant EB, DEPS) | Rozbouton | Riolu Mentali (avant EB,DEPS) | Rosélia | Lucario 3
78%
Échange Échange simple Kadabra | Machopeur | Gravalanch | Gravalanch d'Alola | Spectrum | Géolithe | Ouvrifier | Brocélôme | Pitrouille Alakazam | Mackogneur | Grolem | Grolem d'Alola | Ectoplasma | Gigalithe | Bétochef | Desséliande | Banshitrouye 9
78%
Pierre Aube + Mâle Kirlia Gallame 1
78%
Magmariseur Magmar (LPA) Maganon (LPA) 1
78%
Échange + Peau Métal Onix | Insécateur Steelix | Cizayox 2
78%
Échange + Améliorator Porygon Porygon2 1
78%
Échange + CD Douteux Porygon2 Porygon-Z 1
78%
Échange + Protecteur Rhinoféros Rhinastoc 1
78%
Échange + Tissu Fauche Téraclope Noctunoir 1
78%
Échange avec un objet tenu Échange + Roche Royale Têtarte | Ramoloss Tarpaud | Roigada 2
78%
Théière Fêlée ou Théière Ébréchée Théffroi Polthégeist 1
78%
Cause particulière Utiliser 20x Poing de Colère Colossinge Courrousinge 1
72%
Pierre Nuit Cornèbre | Feuforêve | Mélancolux | Dimoclès Corboss | Magirêve | Lugulabre | Exagide 4
72%
N.20 + Atk>Déf Debugant Kicklee 1
72%
N.20 + Atk<Déf Debugant Tygnon 1
72%
N.20 + Atk=Déf Debugant Kapoera 1
72%
Bonheur + Capacité Fée Évoli Nymphali 1
72%
Bonheur + Nuit Évoli (avant EB,DEPS) | Korillon | Frissonille Noctali (avant EB,DEPS) | Éoko | Beldeneige 3
72%
Peau Métal Onix (LPA) | Insécateur (LPA) Steelix (LPA) | Cizayox (LPA) 2
72%
Bonheur Bonheur au max Pichu | Mélo | Toudoudou | Nosferalto | Miaouss d'Alola | Leveinard | Goinfrex | Togepi | Azurill | Laporeille | Chovsourir | Couverdure | Type:0 Pikachu | Mélofée | Rondoudou | Nostenfer | Persian d'Alola | Leuphorie | Ronflex | Togetic | Marill | Lockpin | Rhinolove | Manternel | Silvallié 13
72%
Pierre évolutive en fonction du lieu Pierre Foudre + Alola Pikachu Raichu d'Alola 1
72%
CD Douteux Porygon2 (LPA) Porygon-Z (LPA) 1
72%
Améliorator Porygon (LPA) Porygon2 (LPA) 1
72%
Protecteur Rhinoféros (LPA) Rhinastoc (LPA) 1
72%
Tissu Fauche Téraclope (LPA) Noctunoir (LPA) 1
72%
Pierre Éclat Togetic | Rosélia | Chinchidou | Floette Togekiss | Roserade | Pashmilla | Florges 4
72%
Montée de Niveau + Remoraid dans l’équipe Babimanta Démanta 1
67%
Beauté⩾170 Barpau (avant XY) Milobellus (avant XY) 1
67%
N.10 Chrysacier | Coconfort | Armulys | Blindalys | Crikzik | Larvadar Papilusion | Dardargnan | Charmillon | Papinox | Mélokrik | Coléodôme 6
67%
N.64 Diamat Trioxhydre 1
67%
Bonheur + Jour + Pas de capacité Fée Évoli Mentali 1
67%
Bonheur + Nuit + Pas de capacité Fée Évoli Noctali 1
67%
Griffe Rasoir + Nuit Farfuret Dimoret 1
67%
Objet utilisé en fonction de la temporalité Griffe Rasoir + Jour Farfuret de Hisui (LPA) Farfurex (LPA) 1
67%
Échange + Sachet Senteur Fluvetin Cocotine 1
67%
Objet utilisé Fil de Liaison Kadabra (LPA) | Machopeur (LPA) | Gravalanch (LPA) | Spectrum (LPA) Alakazam (LPA) | Mackogneur (LPA) | Grolem (LPA) | Ectoplasma (LPA) 4
67%
Collecter 999 Pièces de Mordudor Mordudor Gromago 1
67%
Pierre Plante + Alola Noeunoeuf Noadkoko d'Alola 1
67%
N.36 Reptincel | Carabaffe | Roucoups | Feurisson | Massko | Galifeu | Flobio | Vigoroth | Balbuto | Chimpenfeu | Prinplouf | Lianaja | Grotichon | Mateloutre | Batracné | Miamiasme | Statitik | Boguérisse | Roussil | Croâporal | Dunaja | Matourgeon | Crocogril | Canarbello Dracaufeu | Tortank | Roucarnage | Typhlosion | Jungko | Braségali | Laggron | Monaflèmit | Kaorine | Simiabraz | Pingoléon | Majaspic | Roitiflam | Clamiral | Crapustule | Miasmax | Mygavolt | Blindépique | Goupelin | Amphinobi | Dunaconda | Miascarade | Flâmigator | Palmaval 24
67%
Vaincre 3 Scalproie tenant un Emblème du Général Scalproie Scalpereur 1
67%
N.30 + Retourner la console ou la manette Sepiatop Sepiatroce 1
67%
Échange + Chantibonbon Sucroquin Cupcanaille 1
67%
Perdre au moins 49 PV + passer dans un lieu précis Tutafeh de Galar Tutétékri 1
67%
Échange + Bel’Écaille Barpau Milobellus 1
61%
Infliger 3 coups critiques dans un même combat Canarticho de Galar Palarticho 1
61%
Armure de la Fortune Charbambin Carmadura 1
61%
Armure de la Rancune Charbambin Malvalame 1
61%
N.50 + Pluie Colimucus | Colimucus de Hisui Muplodocus | Muplodocus de Hisui 2
61%
Objet en sucre + Tourner sur soi-même Crèmy Charmilly 1
61%
2 cœurs d’affection + Capacité Fée Évoli (avant EB) Nymphali (avant EB) 1
61%
Griffe Rasoir + Jour Farfuret de Hisui Farfurex 1
61%
Échange + Écaille Draco Hypocéan Hyporoi 1
61%
400 Bonbons Meltan Meltan (Go) Melmetal (Go) 1
61%
N.20 + Place dans l’équipe + Pokéball Ningale Munja 1
61%
Bracelet Galanoa Ramoloss de Galar Flagadoss de Galar 1
61%
Couronne Galanoa Ramoloss de Galar Roigada de Galar 1
61%
N.20 Rattata | Rattata d'Alola (LGPE) | Piafabec | Magicarpe | Hoothoot | Axoloto | Axoloto de Paldea | Zigzaton | Zigzaton de Galar | Tarsal | Ningale | Chuchmur | Terhal | Ratentif | Chacripan | Larveyette | Sapereau | Larvibule | Tournicoton Rattatac | Rattatac d'Alola (LGPE) | Rapasdepic | Léviator | Noarfang | Maraiste | Terraiste | Linéon | Linéon de Galar | Kirlia | Ninjask | Ramboum | Métang | Miradar | Léopardus | Couverdure | Excavarenne | Chrysapile | Blancoton 18
61%
Terminer le Tour des Ténèbres Wushours Shifours 1
61%
Terminer la Tour de l’Eau Wushours Shifours 1
61%
Pierre Soleil + Hisui Chlorobule Fragilady de Hisui 1
56%
Lieu précis Magnéton (avant EB) | Tarinor (avant LPA) | Chrysapile (avant EB) | Crabagarre (avant EV) Magnézone (avant EB) | Tarinorme (avant LPA) | Lucanon (avant EB) | Crabominable (avant EV) 4
56%
Objet tenu en fonction de la temporalité Pierre Ovale + Jour Ptiravi Leveinard 1
56%
Pouvoir Antique Saquedeneu | Yanma | Cochignon Bouldeneu | Yanmega | Mammochon 3
56%
Croc Rasoir + Nuit Scorplane Scorvol 1
56%
Pierre évolutive en fonction du sexe Pierre Aube + Femelle Stalgamin Momartik 1
56%
Bloc de Tourbe + Pleine Lune Ursaring Ursaking 1
56%
Obsidienne Insécateur Hachécateur 1
50%
Hyperceuse Insolourdo Deusolourdo 1
50%
N.32 + Pokémon de type Ténèbres dans l’équipe Pandespiègle Pandarbare 1
50%
Marcher 1000 pas avec En avant ! + Montée de niveau Pohmotte | Virovent | Léboulérou Pohmarmotte | Virevorreur | Bérasca 3
50%
Bol Médiocre ou Bol Exceptionnel Poltchageist Théffroyable 1
50%
N.18 Roucool | Kaiminus | Coxy | Marill | Granivol | Medhyèna | Parecool | Tortipouss | Croquine | Minisange | Goupilou | Charbi | Gourmelet | Pohm Roucoups | Crocrodil | Coxyclaque | Azumarill | Floravol | Grahyèna | Vigoroth | Boskara | Candine | Bleuseille | Roublenard | Wagomine | Fragroin | Pohmotte 14
50%
N.21 + Femelle Apitrini Apireine 1
44%
Coup Double Capumain Capidextre 1
44%
Utiliser 20x Sprint Bouclier en Style Rapide Cerfrousse Cerbyllin 1
44%
N.50 Drackhaus | Kungfouine | Solochi | Fantyrm Drattak | Shaofouine | Diamat | Dispareptil 4
44%
N.55 Draco | Ymphect Dracolosse | Tyranocif 2
44%
Capacité Roulade Excelangue Coudlangue 1
44%
N.14 Héricendre | Nénupiot | Grainipiot | Ouisticram | Étourmi | Picassaut Feurisson | Lombre | Pifeuil | Chimpenfeu | Étourvol | Piclairon 6
44%
Utiliser 20x Multitoxik en Style Puissant Qwilfish de Hisui (LPA) Qwilpik (LPA) 1
44%
Toucher 20 cibles avec Multitoxik Qwilfish de Hisui (LPZA) Qwilpik (LPZA) 1
44%
N.33 + Femelle Tritox Malamandre 1
44%
Perdre 294 PV par contrecoup sans tomber KO Bargantua Motif Blanc Paragruel 1
39%
Montée de niveau en fonction du sexe N.20 + Femelle Cheniti Cheniselle 1
39%
N.20 + Mâle Cheniti Papilord 1
39%
N.38 avec un autre joueur à proximité Dofin Superdofin 1
39%
Métal Composite Duralugon Pondralugon 1
39%
N. 36 + Hisui Feurisson | Mateloutre | Efflèche Typhlosion de Hisui | Clamiral de Hisui | Archéduc de Hisui 3
39%
N.54 Furaiglon | Vostourno | Cryodo Gueriaigle | Vaututrice | Glaivodo 3
39%
N.32 Herbizarre | Hypotrempe | Macronium | Galekid | Spoink | Cacnea | Obalie | Boskara | Ponchien | Colombeau | Scrutella | Nucléos | Cabriolaine | Bibichut | Grimalin Florizarre | Hypocéan | Méganium | Galegon | Groret | Cacturne | Phogleur | Torterra | Mastouffe | Déflaisan | Mesmérella | Méios | Chevroum | Chapotus | Fourbelin 15
39%
N.9 Lépidonille Pérégrain 1
39%
Copie Mime Jr. | Manzaï M. Mime | Simularbre 2
39%
N.12 Pérégrain Prismillon 1
39%
N.40 Ponyta | Ponyta de Galar | Amonita | Kabuto | Ramboum | Wailmer | Lilia | Anorith | Rapion | Blizzi | Escroco | Viskuse | Grindur | Mucuscule | Vrombi Galopa | Galopa de Galar | Amonistar | Kabutops | Brouhabam | Wailord | Vacilys | Armaldo | Drascore | Blizzaroi | Crocorible | Moyade | Noacier | Colimucus | Vrombotor 15
39%
N.30 Tentacool | Magnéti | Voltorbe | Lippouti | Élekid | Magby | Minidraco | Crocrodil | Lainergie | Teddiursa | Embrylex | Kirlia | Carvanha | Barloche | Écrapince | Draby | Luxio | Kranidos | Dinoclier | Sancoki | Scobolide | Zorua | Zorua de Hisui | Tiboudet | Sovkipou | Coléodôme | Toxizap | Grondogue | Terracool Tentacruel | Magnéton | Électrode | Lippoutou | Élektek | Magmar | Draco | Aligatueur | Pharamp | Ursaring | Ymphect | Gardevoir | Sharpedo | Barbicha | Colhomard | Drackhaus | Luxray | Charkos | Bastiodon | Tritosor | Brutapode | Zoroark | Zoroark de Hisui | Bourrinos | Sarmuraï | Astronelle | Salarsen | Dogrino | Terracruel 29
39%
N.39 + Nuit Amagara Dragmara 1
33%
Écrasement Candine Sucreine 1
33%
N.15 Fouinette | Wattouat | Okéoké | Keunotor | Lixy | Tissenboule Fouinar | Lainergie | Qulbutoké | Castorno | Luxio | Filentrappe 6
33%
Double Laser Girafarig Farigiraf 1
33%
N.28 Miaouss | Miaouss d'Alola (LGPE) | Miaouss de Galar | Férosinge | Machoc | Krabby | Osselait | Baudrive | Piclairon | Grillepattes | Gribouraigne Persian | Persian d'Alola (LGPE) | Berserkatt | Colossinge | Machopeur | Krabboss | Ossatueur | Grodrive | Bazoucan | Scolocendre | Tag-Tag 11
33%
Capacité en fonction du lieu Copie + Galar Mime Jr. M. Mime de Galar 1
33%
N.21 Mystherbe | Chétiflor | Poichigeon Ortide | Boustiflor | Colombeau 3
33%
Montée de niveau en fonction de la temporalité et du lieu N.28 + Nuit + Alola Osselait Ossatueur d'Alola 1
33%
N.25 Ptitard | Racaillou | Racaillou d'Alola | Fantominus | Natu | Rémoraid | Phanpy | Goélise | Ceribou | Nodulithe | Charpenti | Tritonde | Psystigri | Bombydou | Rocabot | Voltoutou | Olivini | Zapétrel Têtarte | Gravalanch | Gravalanch d'Alola | Spectrum | Xatu | Octillery | Donphan | Bekipan | Ceriflor | Géolithe | Ouvrifier | Batracné | Mistigrix | Rubombelle | Lougaroc | Fulgudog | Olivado | Fulgulairo 18
33%
N.39 + Jour Ptyranidur Rexillius 1
33%
Multitoxik Qwilfish de Hisui Qwilpik 1
33%
N.37 Ramoloss | Méditikka | Polichombr | Skelénox | Cradopaud | Carapagos | Arkéapti | Polarhume | Flingouste | Grelaçon Flagadoss | Charmina | Branette | Téraclope | Coatox | Mégapagos | Aéroptéryx | Polagriffe | Gamblast | Séracrawl 10
33%
N.20 + Nuit Rattata d'Alola Rattatac d'Alola 1
33%
N.42 Rhinocorne | M. Mime de Galar | Galegon | Stalgamin | Lewsor | Bacabouh | Chapotus | Fourbelin Rhinoféros | M. Glaquette | Galeking | Oniglali | Neitram | Trépassable | Sorcilence | Angoliath 8
33%
N.26 Taupiqueur | Taupiqueur d'Alola | Soporifik | Dynavolt | Gloupti | Mustébouée | Embrochet | Pâtachiot | Taupikeau Triopikeur | Triopikeur d'Alola | Hypnomade | Élecsprint | Avaltout | Mustéflott | Hastacuda | Briochien | Triopikeau 9
33%
N.17 Vipélierre | Gruikui | Moustillon | Passerouge | Brindibou | Flamiaou | Otaquin Lianaja | Grotichon | Mateloutre | Braisillon | Efflèche | Matoufeu | Otarlette 6
33%
N.48 Carmache | Incisache | Venalgue | Sonistrelle Carchacrok | Tranchodon | Kravarech | Bruyverne 4
28%
N.60 Dispareptil Lanssorien 1
28%
N. 54 + Hisui Furaiglon Gueriaigle de Hisui 1
28%
Montée de niveau en fonction de la temporalité N.20 + Jour Manglouton Argouste 1
28%
Cri Draconique Pomdramour Pomdorochi 1
28%
N.33 Psykokwak | Poissirène | Marcacrin | Chamallot | Archéomire Akwakwak | Poissoroy | Cochignon | Camérupt | Archéodong 5
28%
N.59 Pyronille Pyrax 1
28%
N.52 Scalpion Scalproie 1
28%
N.35 Smogo | Kraknoix | Tylton | Darumarond | Couaneton | Sorbébé | Braisillon | Hélionceau | Monorpale | Bébécaille | Badabouin | Lapyro | Arrozard | Olivado | Flotillon | Germéclat | Frigodo Smogogo | Vibraninf | Altaria | Darumacho | Lakmécygne | Sorboul | Flambusard | Némélios | Dimoclès | Écaïd | Gorythmic | Pyrobut | Lézargus | Arboliva | Cléopsytra | Floréclat | Cryodo 17
28%
N.45 Vibraninf | Métang | Écaïd Libégon | Métalosse | Ékaïser 3
28%
N.22 Abo | Sabelette | Nosferapti | Mimigal | Nirondelle | Arakdo | Venipatte | Araqua | Khélocrok Arbok | Sablaireau | Nosferalto | Migalos | Hélédelle | Maskadra |Scobolide | Tarenbulle | Torgamord 9
22%
N. 37 + Hisui Grelaçon Séracrawl de Hisui 1
22%
N.41 Mesmérella | Méios | Funécire Sidérella | Symbios | Mélancolux 3
22%
N.34 + Jour Mimantis Floramantis 1
22%
N.31 Mimitoss | Doduo | Pomdepik | Écayon | Rototaupe Aéromite | Dodrio | Foretress | Luminéon | Minotaupe 5
22%
N.34 Otaria | Étourvol | Moufouette | Hippopotas | Crabicoque | Tutafeh | Vivaldaim | Efflèche | Matoufeu | Otarlette | Wagomine | Charibari Lamantine | Étouraptor | Moufflair | Hippodocus | Crabaraque | Tutankafer | Haydaim | Archéduc | Félinferno | Oratoria | Monthracite | Pachyradjah 12
22%
N.24 Paras | Malosse | Makuhita | Griknot | Spododo | Rongourmand | Moumouton | Lilliterelle | Selutin | Forgerette Parasect | Démolosse | Hariyama | Carmache | Lampignon | Rongrigou | Moumouflon | Gambex | Amassel | Forgella 10
22%
Montée de niveau en fonction du lieu N.35 + Galar Smogo Smogogo de Galar 1
22%
N.38 Tadmorv | Tadmorv d'Alola | Limagma | Corayon de Galar | Chaglam | Tic | Coupenotte | Vorastérie | Bleuseille | Amassel | Forgella Grotadmorv | Grotadmorv d'Alola | Volcaropod | Corayôme | Chaffreux | Clic | Incisache | Prédastérie | Corvaillus | Gigansel | Forgelina 11
22%
Dracochoc Vémini Mandrillon 1
22%
N.39 Baggiguane | Trompignon | Anchwatt | Opermine Baggaïd | Gaulet | Lampéroie | Golgopathe 4
17%
N.49 Clic Cliticlic 1
17%
N.25 après un combat uniquement Compagnol Famignol 1
17%
N.53 Cosmovum Solgaleo (S,US,E,E) | Lunala (L,UL,B,V) 2
17%
N.43 Gringolem | Cosmog Golemastoc | Cosmovum 2
17%
N.35 + Nuit Linéon de Galar Ixon 1
17%
N.27 Loupio | Floravol | Zébibron | Nounourson Lanturn | Cotovol | Zéblitz | Chelours 4
17%
N. 40 + Hisui Mucuscule Colimucus de Hisui 1
17%
N.44 Phogleur Kaimorse 1
17%
Provoc Poulpaf Krakos 1
17%
N.23 Snubbull | Balignon Granbull | Chapignon 2
17%
N.47 Sorboul Sorbouboul 1
17%
N.19 Flabébé Floette 1
11%
N.29 Mascaïman Escroco 1
11%
N.30 + Nuit Toutombe Tomberro 1
11%
Aucun quiz correspondant
Distribution des résultats
% des personnes avec chaque résultat
Percentile par nombre de réponses
Votre historique - résultats
Vous n’avez pas pris ce quiz